| 000 | 00739nam a2200217Ia 4500 | ||
|---|---|---|---|
| 008 | 191130s2001##################000#0#eng## | ||
| 020 | _a9780520228566 | ||
| 022 | _a2001027242 | ||
| 040 |
_aACL _cACL |
||
| 082 | _a306.4 GIM | ||
| 100 | _aGimlin, Debra L | ||
| 245 |
_aBody work : beauty and self-image in American culture _cDebra L. Gimlin |
||
| 260 |
_aBerkeley, CA _bUniversity of California Press _c2001 |
||
| 300 | _ax, 171 p. ; 22 cm. | ||
| 500 | _aIncludes bibliographical references (p. 151-163) and index | ||
| 650 | _aBeauty culture - Social aspects - United States | ||
| 650 | _aBeauty, Personal - Social aspects - United States | ||
| 990 | _a8083898fac10000c3f45f3fcbf41deb1 | ||
| 991 | _a194274 | ||
| 999 |
_c118222 _d118222 |
||